000 00337 a2200157 4500
001 150212
040 _cEscola São Tomás de Aquino
100 _aROCA, Núria
240 1 0 _aOs 4 elementos
_lpor
245 1 0 _aOs 4 elementos
300 _a39
362 0 _a2007
440 1 _aEscala Educacional
697 _aCIÊNCIAS
942 _cBK
999 _c150212
_d150212